Developing a curriculum for modern living /

Bibliographic Details
Main Author: Stratemeyer, Florence B. (Florence Barbara), 1900-
Other Authors: Forkner, Hamden Landon, 1897-, McKim, Margaret G. (Margaret Grace), 1914-
Format: Book
Language:English
Published: New York : Teachers College, Columbia University, 1947.
Subjects:

MARC

Tag First Indicator Second Indicator Subfields
LEADER 00000cam a2200000 4500
001 in00000076353
005 20151008052658.0
008 711214s1947 nyu b 00000 eng u
010 |a  47005044  
035 |a (OCoLC)00182376 
035 |9 AAH4425AM 
040 |c WSU  |d TXA  |d UtOrBLW 
049 |a TXAM  |c 1 [155195]  
050 0 |a LB1570  |b .S78 
092 |a 375  |b S898d 
100 1 |a Stratemeyer, Florence B.  |q (Florence Barbara),  |d 1900- 
245 1 0 |a Developing a curriculum for modern living /  |c [by] Florence B. Stratemeyer, Hamden L. Forkner, Margeret G. McKim and cooperating members of the Childhood-Youth Education Committee. 
264 1 |a New York :  |b Teachers College, Columbia University,  |c 1947. 
300 |a 558 pages 
336 |a text  |b txt  |2 rdacontent 
337 |a unmediated  |b n  |2 rdamedia 
338 |a volume  |b nc  |2 rdacarrier 
650 0 |a Education  |x Curricula. 
700 1 |a Forkner, Hamden Landon,  |d 1897- 
700 1 |a McKim, Margaret G.  |q (Margaret Grace),  |d 1914- 
999 |a MARS 
999 f f |s 1b59312e-5f24-334d-a808-d6db78620d87  |i 7f7601c7-7226-35ed-b8a0-a6a1ca0a66e5  |t 0 
952 f f |p normal  |a Texas A&M University  |b College Station  |c Sterling C. Evans Library  |d Evans: Library Stacks  |t 0  |e LB1570 .S78  |h Library of Congress classification  |i unmediated -- volume  |m A14800858298 
998 f f |a LB1570 .S78  |t 0  |l Evans: Library Stacks